STATISTICAL MECHANICS (Record no. 9381)

MARC details
000 -LEADER
fixed length control field 00727nam a22001697a 4500
003 - CONTROL NUMBER IDENTIFIER
control field SGT
020 ## - INTERNATIONAL STANDARD BOOK NUMBER
International Standard Book Number 9788122433548
082 ## - DEWEY DECIMAL CLASSIFICATION NUMBER
Classification number 530.13,AGA
100 ## - MAIN ENTRY--PERSONAL NAME
Personal name AGARWAL,B.K
245 ## - TITLE STATEMENT
Title STATISTICAL MECHANICS
250 ## - EDITION STATEMENT
Edition statement 3RD
260 ## - PUBLICATION, DISTRIBUTION, ETC. (IMPRINT)
Place of publication, distribution, etc NEW DELHI
Name of publisher, distributor, etc NEW AGE INTERNATIONAL
Year of Publication 2016
300 ## - PAGE DESCRIPTION
No. of Pages 302
650 ## - SUBJECT ADDED ENTRY--TOPICAL TERM
Topical term or geographic name as entry element PHYSICS
653 ## - KEYWORDS--INDEX TERM
Keyword term BASIS OF CLASSICAL STATISTICAL MECHANICS, QUANTUM PICTURE, STATISTICAL MECHANICS AND THERMODYNAMICS, CANONICAL AND GRAND CANONICAL ENSEMBLES, PARTITION FUNCTION, IDEAL BOSE-EINSTEIN GAS, IDEAL FERMI-DIRAC GAS, SEMICONDUCTOR STATISTICS, NON-EQUILIBRIUM STATES, FLUCTUATIONS, COOPERATIVE PHENOMENA: ISING MODEL, CRITICAL PHENOMENA, IRREVERSIBLE THERMODYNAMICS,
942 ## - ADDED ENTRY ELEMENTS (KOHA)
Source of classification or shelving scheme Dewey Decimal Classification
Koha item type FPS Books
942 ## - ADDED ENTRY ELEMENTS (KOHA)
-- 1
Holdings
Withdrawn status Lost status Source of classification or shelving scheme Damaged status Not for loan Collection code Home library Current library Shelving location Date acquired Vendor Name Cost, normal purchase price SGTU Bill Number Total Checkouts Full call number Accession No. (Barcode) Date last seen Date last borrowed Bill Date Koha item type
    Dewey Decimal Classification     SCIENCE SGT Science & Social Sciences Library SGT Science & Social Sciences Library On Display 01/07/2016 AHUJA BOOKS 299.00 SGTU 6884 19 530.13,AGA PS1852 14/10/2019 30/09/2019 21/04/2016 FPS Books
    Dewey Decimal Classification     SCIENCE SGT Science & Social Sciences Library SGT Science & Social Sciences Library On Display 01/07/2016 AHUJA BOOKS 299.00 SGTU 6884 17 530.13,AGA PS1853 20/09/2019 14/09/2019 21/04/2016 FPS Books
    Dewey Decimal Classification   Not For Loan SCIENCE SGT Science & Social Sciences Library SGT Science & Social Sciences Library Reference Book 01/07/2016 AHUJA BOOKS 299.00 SGTU 6884 1 530.13,AGA PS1854 04/09/2017 22/08/2017 21/04/2016 FPS Books
    Dewey Decimal Classification     SCIENCE SGT Science & Social Sciences Library SGT Science & Social Sciences Library On Display 01/07/2016 AHUJA BOOKS 299.00 SGTU 6884 10 530.13,AGA PS1855 19/02/2024 19/02/2024 21/04/2016 FPS Books
    Dewey Decimal Classification     SCIENCE SGT Science & Social Sciences Library SGT Science & Social Sciences Library On Display 01/07/2016 AHUJA BOOK 299.00 SGTU 6884 7 530.13,AGA PS1856 04/04/2019 29/03/2019 21/04/2016 FPS Books